000 00681nam a2200193 4500
001 143728
003 ES-MaACL
007 t|
008 070214s1944 ag r ||||1| spa d
245 0 0 _aDiccionario económico de nuestro tiempo
_b: científico-teórico-estadístico-comercial /
_crecopilado por el profesor Manuel Serra i Moret.
260 _aBuenos Aires :
_bMundo Atlántico,
_c1944.
300 _a656 p. ;
_c22 cm.
490 1 _aDiccionarios de nuestro tiempo
700 1 _aSerra i Moret, Manuel.
_9105637
830 0 _aDiccionarios de nuestro tiempo
_9220598
852 _aES-MaACL
_jE-1783
_bR.22629
_9148919
_cDEPO2
942 _2udc
999 _c143728
_d143728